000 00277nam a22001337a 4500
008 170918b xxu||||| |||| 00| 0 eng d
020 _a045863061324
041 _aeng
080 _a7
100 _a44
101 _aART
245 _aEL GRECO
_cFRANCO.F.M
942 _2udc
_cBK
999 _c28069
_d28069